Cervus Antisensis, Chilensis, Brachyceros, por el Dr. R. A. Philippi. Con 4 láminas

Guardat en:
Dades bibliogràfiques
Autor principal: Philippi, Rodulfo Amando (Autor)
Autor corporatiu: Museo Nacional de Chile. Primera Sección: Zoología (Autor)
Format: Llibre
Idioma:espanyol
llatí
Publicat: Santiago Museo Nacional de Chile 1894
Edició:1a. ed
Col·lecció:Anales del Museo Nacional de Chile
Matèries:
Etiquetes: Afegir etiqueta
Sense etiquetes, Sigues el primer a etiquetar aquest registre!

MARC

LEADER 00000nam a2200000 a 4500
001 UCJ8622
003 CL-VaPUC
008 070124e18940000CL |||||||||||||||||spa|d
041 0 7 |a spa  |2 CL-VaPUC 
041 0 7 |a lat  |2 CL-VaPUC 
082 0 4 |a 591  |b PHI  |2 21 
100 0 |a Philippi, Rodulfo Amando  |e author  |9 505016 
110 2 |a Museo Nacional de Chile. Primera Sección: Zoología  |e author  |9 517488 
245 1 0 |a Cervus Antisensis, Chilensis, Brachyceros, por el Dr. R. A. Philippi. Con 4 láminas 
250 |a 1a. ed 
300 |a 20 p 
942 |c BK 
945 |d 20070124 00:00:00  |a rinostro 
260 |a Santiago  |b Museo Nacional de Chile  |c 1894 
500 |a Advierte errata. 4 láminas fuera de texto. Formato .34x.28 m 
650 0 |a Fauna chilena  |9 505069 
650 0 |a Ilustraciones  |9 369481 
650 7 |a GUANACO  |2 CL-VaPUC  |9 451116 
650 7 |a HUEMUL  |2 CL-VaPUC  |9 517489 
583 |a last modification  |c 20070124 00:00:00  |k Rodrigo Vera 
490 0 |a Anales del Museo Nacional de Chile 
999 |c 324292  |d 324290 
952 |0 0  |1 0  |4 0  |6 591_000000000000000_PHI_1894  |7 0  |8 X  |9 404376  |a FDOBUD  |b FDOBUD  |d 2019-11-22  |i 108139K  |o 591 PHI 1894  |p 108139K  |r 2019-11-22  |w 2019-11-22  |y BK_X  |k BUD